banner-ar

موقف ابن تيمية من فلسفة ابن رشد فى العقيدة وعلم الكلام والفلسفة / (Record no. 64520)

MARC details
000 -الفاتح
حقل البيانات ثابتة الطول 00823nam a22002177a 4500
005 - وقت وتاريخ اخر تعامل مع التسجيلة
رقم الضبط 20240530110736.0
008 - عناصر البيانات ثابتة الطول - معلومات عامة
حقل البيانات ثابتة الطول 180715s1989 ua g 000 0 ara d
040 ## - مصدر الفهرسة
وكالة الفهرسة الأصلية EG-CaGPL
وكالة النسخ EG-CaGPL
082 04 - رقم تصنيف ديوى العشرى
رقم الطبعة 21
رقم التصنيف 189.1 /
رقم المادة ط م
100 0# - المدخل الرئيسى - إسم شخصى
الإسم الشخصى الطبلاوى محمود سعد
245 10 - بيان العنوان
العنوان موقف ابن تيمية من فلسفة ابن رشد فى العقيدة وعلم الكلام والفلسفة /
بيان المسئوليه,etc تاليف الطبلاوى محمود سعد
250 ## - بيان الطبعة
بيان الطبعة ط.1
260 ## - PUBLICATION, DISTRIBUTION, ETC. (IMPRINT)
تاريخ النشر أو التوزيع 1989.
300 ## - الوصف المادى
التعداد 254 ص. ؛
أبعاد الوعاء 24 سم.
600 1# - المدخل الاضافى بالموضوع-اسم شخصى
الإسم الشخصى ابن رشد، ابوالوليد محمد بن احمد
650 07 - المدخل الاضافى بالموضوع-مصطلح موضوعى
مصدر الرأس أو المصطلح qrmak
مصطلح موضوعي الفلسفة الاسلامية
650 07 - المدخل الاضافى بالموضوع-مصطلح موضوعى
مصدر الرأس أو المصطلح qrmak
مصطلح موضوعي علم الكلام
651 ## - المدخل الاضافى بالموضوع - اسم جغرافى
مصدر الرأس أو المصطلح qrmak
942 ## - عناصر المدخل الإضافي( كوها)
مصدر التصنيف او مخطط الترفيف Dewey Decimal Classification
Koha [default] item type كتاب
260 ## - PUBLICATION, DISTRIBUTION, ETC. (IMPRINT)
-- القاهرة :
-- المؤلف ،
Holdings
حالة التراجع حالة الفقد حالة تلف ليس للاعارة المكان المؤقت الموقع الحالى موقع الترفيف تاريخ الاكتساب اجمالي اﻻعارات رقم الطلب الباركود تاريخ اخر مشاهدة تاريخ تفعيل السعر نوع وعاء كوها
        مكتبة القاهرة الكبرى مكتبة القاهرة الكبرى القاعة الرئيسية 07/15/2018   189.1 / ط م 164940 07/15/2018 07/15/2018 كتاب
        مكتبة القاهرة الكبرى مكتبة القاهرة الكبرى القاعة الرئيسية 07/15/2018   189.1 / ط م 164941 07/15/2018 07/15/2018 كتاب

Powered By

EGPV